| 000 | 00736nam a2200193Ia 4500 | ||
|---|---|---|---|
| 003 | GCL | ||
| 008 | 140319s9999 xx 000 0 ara d | ||
| 040 |
_aGCL / _cGCL |
||
| 082 | 0 | 4 |
_a650.75 _bر م |
| 100 | 1 | _aراتب الزيات \\=aجورج ادوارv | |
| 245 | 1 | 0 |
_aالمراسلات التجارية فى ادارة التجارة والاعمال / _cراتب الزيات |
| 260 |
_aالقاهرة : _bدار الراتب الجامعية ، _c1997 |
||
| 300 |
_a367 ص ؛ _c24 سم |
||
| 490 |
_aالكنز المكنون فى اصول كتابة الرسائل _v0 |
||
| 650 | 0 | 4 | _aالتجارة |
| 650 | 0 | 4 | _aالاتفاقيات التجارية |
| 650 | 0 | 4 | _aالمراسلات التجارية |
| 942 |
_2ddc _cBK |
||
| 999 |
_c52317 _d52317 |
||